| 000 | 00720cam a22002178i 4500 | ||
|---|---|---|---|
| 003 | OSt | ||
| 005 | 20260701125138.0 | ||
| 008 | 240505s2024 enk b 001 0beng | ||
| 020 |
_a9781032449951 _q(hardback) |
||
| 020 |
_a9781032449920 _q(paperback) |
||
| 020 |
_z9781003374886 _q(ebook) |
||
| 040 |
_aKABLIB _beng _erda _cKABLIB |
||
| 082 | 0 | 0 |
_a420.92 _223 _bGRE |
| 100 | 1 |
_aGreen, Bill _915850 |
|
| 245 | 1 | 0 |
_aGarth Boomer, English teaching and curriculum leadership / _cBill Green. |
| 264 | 1 |
_aNew York, NY : _bRoutledge, _cc2025 |
|
| 300 |
_axiii,110 p. : _c23 cm |
||
| 490 | 0 | _aKey thinkers in English in education and the language arts | |
| 504 | _aIncludes bibliographical references, index. | ||
| 942 |
_2ddc _cBOOK |
||
| 999 |
_c6233 _d6233 |
||